Представление документа в формате RUSMARC

ПолеНазваниеЗначение
  Тип записи a
  Библиографический уровень m
001 Контрольный номер b63aafc0d07d44f0995bf514bea9128d
005 Дата корректировки 20260618110714.1
100 Данные общей обработки __
a Данные общей обработки 20250530d2025 me y0rusy028902 ca
101 Язык документа 0_
a Язык текста rus
102 Страна публикации __
a Страна публикации RU
105 Кодированные данные (монография) __
a Кодированные данные (монография) y z 000zy
181 Поле кодированных данных: вид содержания _0
a Код вида содержания (ISBD) i
182 Поле кодированных данных: тип средства _0
a Код типа средства (ISBD) n
200 Заглавие и сведения об ответственности 1_
a Заглавие Пикник на обочине
e Сведения, относящиеся к заглавию издание для слабовидящих : в 2 книгах
f Первые сведения об ответственности Аркадий Стругацкий, Борис Стругацкий
203 Вид содержания и тип средства __
a Вид содержания Текст
c Тип средства непосредственный
210 Выходные данные 1_
a Место издания Москва
c Издательство Чинар
d Дата издания 2025
225 Серия 2_
a Серия Круг чтения
e Сведения, относящиеся к заглавию серии издание для слабовидящих
300 Общие примечания __
a Общие примечания Текст печатается по изданию: Стругацкий А., Стругацкий Б. Пикник на обочине. - Москва : АСТ, 2015 . - ISBN 978-5- 17-045438-9.
330 Аннотация __
a Аннотация "Пикник на обочине" - одно из самых прославленных произведений братьев Стругацких, увлекательная история сталкеров - отчаянно смелых людей, на свой страх и риск снова и снова отправляющихся в место высадки пришельцев - аномальную Зону, полную опасностей и смертельных ловушек...
333 Примечание о целевом назначении __
a Примечание о целевом назначении 16+. Для детей старше 16 лет
606 Тематические рубрики __
a Основная рубрика Художественная литература
2 Код системы nlr_sh
606 Тематические рубрики __
a Основная рубрика Русская литература XX в. (произведения)
z Хронологическая подрубрика 20 в.
y Географическая подрубрика Россия
2 Код системы nlr_sh
610 Ключевые слова 0_
a Ключевые слова романы
610 Ключевые слова 0_
a Ключевые слова фантастические романы
610 Ключевые слова 0_
a Ключевые слова фантастика
610 Ключевые слова 0_
a Ключевые слова тема цивилизации
610 Ключевые слова 0_
a Ключевые слова тема сталкеров
610 Ключевые слова 0_
a Ключевые слова сталкеры
610 Ключевые слова 0_
a Ключевые слова тема инопланетян
610 Ключевые слова 0_
a Ключевые слова тема будущего
610 Ключевые слова 0_
a Ключевые слова аномальные зоны
610 Ключевые слова 0_
a Ключевые слова советская фантастика
610 Ключевые слова 0_
a Ключевые слова советская литература
610 Ключевые слова 0_
a Ключевые слова книги для незрячих
610 Ключевые слова 0_
a Ключевые слова чтение для слабовидящих
686 Индексы других классификаций __
2 Код системы rubbks
a Классификационный индекс 84(2=411.2)6-445я07; ст84(2Рос=Рус)6-445я0я0
700 Автор _1
a Фамилия Стругацкий
b Имя А. Н.
f Даты 1925-1991
g Полное личное имя Аркадий Натанович
4 Код отношения 070
701 Альтернативная интеллектуальная ответственность _1
a Фамилия Стругацкий
b Имя Б. Н.
g Полное личное имя Борис Натанович
4 Код отношения 070
f Даты 1933-2012
801 Источник записи _0
a Страна RU
b Организация Муниципальное бюджетное учреждение культуры "Централизованная библиотечная система" г. Сургут (Центральная городская библиотека им. А. С. Пушкина)
c Дата составления 20250530
g Правила каталогизации PSBO
801 Источник записи _1
a Страна RU
b Организация Муниципальное бюджетное учреждение культуры "Централизованная библиотечная система" г. Сургут (Центральная городская библиотека им. А. С. Пушкина)
c Дата составления 20250530
g Правила каталогизации PSBO
852 Данные о местонахождении __
j Шифр хранения 84(2=411.2)6-445я07
i Авторский знак С 87
901 Тип документа __
t Тип документа v
a Ответственный КиК/Котельникова
903 Характеристики (МАРС) __
a Дата передачи 20250530
c Наименование библиотеки (МАРС) Муниципальное бюджетное учреждение культуры "Централизованная библиотечная система" г. Сургут (Центральная городская библиотека им. А. С. Пушкина)